| 000 | 01683nam a2200253Ia 4500 | ||
|---|---|---|---|
| 003 | Ost | ||
| 005 | 20260507075011.0 | ||
| 008 | 260507s9999||||xx |||||||||||||| ||und|| | ||
| 020 | _a9789957243012 | ||
| 040 | _cfsecg | ||
| 041 | _aara | ||
| 082 | _a338.4791 | ||
| 100 |
_aالنسور، اياد عبد الفتاح _eمؤلف |
||
| 245 | 0 |
_aأسس تسويق الخدمات السياحية العلاجية : _bمدخل مفاهيمي / _c اياد عبد الفتاح النسور |
|
| 260 |
_aعمان: _bدار الصفاء للنشر, _c2008 |
||
| 300 |
_a271 صفحة؛ _bإيضاحات ؛ _c24 سم |
||
| 504 | _aبيبليوغرافيا: ص.265 | ||
| 520 | _aمقدمة في فلسفة السياحة، مقدمة في التسويق السياحي، استراتيجية المنتج الطبي واستراتيجية تسعير الخدمات السياحية العلاجية، استراتيجية توزيع الخدمات السياحية العلاجية، استراتيجية ترويج الخدمات العلاجية، استراتيجية تقديم الخدمات السياحية العلاجية، الأفراد العاملين في تقديم الخدمات السياحية العلاجية، استراتيجية الاستثمار في الخدمات السياحية العلاجية، الطلب على الخدمات السياحية العلاجية، تسويق السوق المستهدف، التخطيط السياحي في الأردن. | ||
| 653 | _aالسياحة - اقتصاديات | ||
| 653 | _aالسياحة -أردن | ||
| 653 | _aالسياحة العلاجية | ||
| 653 | _aتسويق -سياحة | ||
| 942 | _cكتاب | ||
| 999 |
_c42160 _d42160 |
||